Trans-World Investments Ltd v Anita Dadarwalla (Record no. 79177)
[ view plain ]
| 000 -LEADER | |
|---|---|
| fixed length control field | 01900cad a22001935a 4500 |
| 001 - CONTROL NUMBER | |
| control field | L140063 |
| 008 - FIXED-LENGTH DATA ELEMENTS--GENERAL INFORMATION | |
| fixed length control field | 070903e20070522xxk f v 000 0 eng d |
| 035 ## - SYSTEM CONTROL NUMBER | |
| System control number | (Sirsi) u140063 |
| 041 0# - LANGUAGE CODE | |
| Language code of text/sound track or separate title | eng |
| 245 00 - TITLE STATEMENT | |
| Title | Trans-World Investments Ltd v Anita Dadarwalla |
| Medium | [electronic resource] |
| 260 ## - PUBLICATION, DISTRIBUTION, ETC. | |
| Date of publication, distribution, etc. | 2007 |
| 520 ## - SUMMARY, ETC. | |
| Summary, etc. | [2007] EWCA Civ 480, 22 May 2007. Appeal against a judgment which fixed the market rent on the grant of a new business tenancy without consideration of the previous rent or the rent payable for the adjoining property. Landlord (T) let a lock-up shop to tenant (D), the term of the lease expired, and the parties could not agree the rent. The rent payable under the old tenancy was £6 250. T's expert argued the new annual rent should be £7 850, based on the adjoining property's rent, but D's expert argued this was not in line with others in the area and the new rent should be £3 150. The judge accepted the previous rent was a significant factor, but placed no reliance on it as he had no evidence on how it was agreed, and disregarded the rent of the adjoining property, setting the new rent at £3 937.50 a year. T appealed, contending the previous rent of £6 250 should be the starting point for the new rent and that the judge had failed to taken into consideration the rent of the adjoining property. "Held": the judge had been wrong and both the rent previously payable and the rent for the adjoining property were relevant valuation evidence of the market rent. D was ordered to pay T's costs. |
| 590 ## - LOCAL NOTE (RLIN) | |
| Local note | KA |
| 650 24 - SUBJECT ADDED ENTRY--TOPICAL TERM | |
| Topical term or geographic name entry element | TRANS-WORLD INVESTMENTS LTD V DADARWALLA |
| 651 #4 - SUBJECT ADDED ENTRY--GEOGRAPHIC NAME | |
| Geographic name | England and Wales |
| Chronological subdivision | 1543- |
| 690 ## - LOCAL SUBJECT ADDED ENTRY--TOPICAL TERM (OCLC, RLIN) | |
| Topical term or geographic name as entry element | PROPERTY-COMMERCIAL PROPERTY-COMMERCIAL LANDLORD AND TENANT-BUSINESS TENANCIES-RENT REVIEW (BUSINESS TENANCIES) |
| 856 40 - ELECTRONIC LOCATION AND ACCESS | |
| Uniform Resource Identifier | <a href="https://www.bailii.org/ew/cases/EWCA/Civ/2007/480.html">https://www.bailii.org/ew/cases/EWCA/Civ/2007/480.html</a> |
| Public note | View the judgment free of charge at www.bailii.org... |
| 942 ## - ADDED ENTRY ELEMENTS (KOHA) | |
| Suppress in OPAC | 0 |
| Withdrawn status | Lost status | Source of classification or shelving scheme | Damaged status | Not for loan | Home library | Current library | Shelving location | Date acquired | Total Checkouts | Full call number | Barcode | Date last seen | Copy number | Price effective from | Koha item type |
|---|---|---|---|---|---|---|---|---|---|---|---|---|---|---|---|
| Dewey Decimal Classification | Virtual | Virtual | Online | 03/09/2007 | ONLINE PUBLICATION | 140063-2001 | 06/08/2019 | 1 | 06/08/2019 | Law report |